| 000 | 00705nam a2200193 i 4500 | ||
|---|---|---|---|
| 001 | 102586 | ||
| 003 | ES-MaACL | ||
| 005 | 20251207150926.0 | ||
| 007 | t| | ||
| 008 | 051117s1962 sp ||||1| spa d | ||
| 100 | 1 |
_aMerino Urrutia, José Juan Bautista. _980553 |
|
| 245 | 1 | 3 |
_aEl vascuence en la Rioja y Burgos _b: con un estudio análitico de la toponimia del Valle de Ojacastro ( Rioja Alta) / _cJosé Juan Bautista Merino Urrutia. |
| 260 |
_aSan Sebástian : _bBiblioteca Vascongada de los Amigos del Pais, _c1962. |
||
| 300 |
_a106 p., 5 map. pleg.(1) ; _c23 cm. |
||
| 500 | _a(1) en color. | ||
| 730 | 0 |
_a _9242583 |
|
| 852 |
_aES-MaACL _jC-29858 _bR.57917 |
||
| 999 |
_c102586 _d102586 |
||